<?xml version="1.0" encoding="UTF-8"?>
<record
    xmlns:xsi="http://www.w3.org/2001/XMLSchema-instance"
    xsi:schemaLocation="http://www.loc.gov/MARC21/slim http://www.loc.gov/standards/marcxml/schema/MARC21slim.xsd"
    xmlns="http://www.loc.gov/MARC21/slim">

  <leader>01068nam a2200229Ia 4500</leader>
  <controlfield tag="003">SEM</controlfield>
  <datafield tag="999" ind1=" " ind2=" ">
    <subfield code="c">48296</subfield>
    <subfield code="d">48296</subfield>
  </datafield>
  <controlfield tag="005">20220608071546.0</controlfield>
  <controlfield tag="008">211213s2007    ai ||||gr|||||00| 0 arm|d</controlfield>
  <datafield tag="020" ind1=" " ind2=" ">
    <subfield code="a">9789994196333</subfield>
  </datafield>
  <datafield tag="040" ind1=" " ind2=" ">
    <subfield code="c">SEM</subfield>
    <subfield code="a">SEM</subfield>
  </datafield>
  <datafield tag="041" ind1=" " ind2=" ">
    <subfield code="a">arm</subfield>
    <subfield code="h">turk</subfield>
  </datafield>
  <datafield tag="080" ind1=" " ind2=" ">
    <subfield code="a">947.925.523/&#x540;-53</subfield>
  </datafield>
  <datafield tag="100" ind1=" " ind2=" ">
    <subfield code="a">&#x540;&#x561;&#x57D;&#x561;&#x576;, &#x531;&#x574;&#x57B;&#x561;</subfield>
  </datafield>
  <datafield tag="245" ind1=" " ind2=" ">
    <subfield code="a">&#x54F;&#x565;&#x572;&#x561;&#x570;&#x561;&#x576;&#x578;&#x582;&#x569;&#x575;&#x578;&#x582;&#x576; &#x587; &#x578;&#x579;&#x576;&#x579;&#x561;&#x581;&#x578;&#x582;&#x574;: </subfield>
    <subfield code="b">&#x54F;&#x565;&#x572;&#x561;&#x570;&#x561;&#x576;&#x578;&#x582;&#x569;&#x575;&#x561;&#x576; &#x56B;&#x580;&#x561;&#x56F;&#x561;&#x576; &#x57A;&#x561;&#x57F;&#x56F;&#x565;&#x580;&#x568; /</subfield>
    <subfield code="c">&#x531;. &#x540;&#x561;&#x57D;&#x561;&#x576;; &#x539;&#x561;&#x580;&#x563;&#x574;.` &#x531;. &#x531;&#x57E;&#x561;&#x563;&#x575;&#x561;&#x576;; &#x53D;&#x574;&#x562;.` &#x537;. &#x534;&#x561;&#x576;&#x565;&#x572;&#x575;&#x561;&#x576;</subfield>
  </datafield>
  <datafield tag="260" ind1=" " ind2=" ">
    <subfield code="a">&#x535;&#x580;&#x587;&#x561;&#x576; :</subfield>
    <subfield code="b">&#x540;&#x561;&#x575;&#x578;&#x581; &#x581;&#x565;&#x572;&#x561;&#x57D;&#x57A;&#x561;&#x576;&#x578;&#x582;&#x569;&#x575;&#x561;&#x576; &#x569;&#x561;&#x576;&#x563;&#x561;&#x580;&#x561;&#x576;-&#x56B;&#x576;&#x57D;&#x57F;&#x56B;&#x57F;&#x578;&#x582;&#x57F;,</subfield>
    <subfield code="b">&#x57F;&#x57A;. &#x533;&#x561;&#x57D;&#x583;&#x580;&#x56B;&#x576;&#x569;,</subfield>
    <subfield code="c">2007.</subfield>
  </datafield>
  <datafield tag="300" ind1=" " ind2=" ">
    <subfield code="a">48 &#x567;&#x57B; ;</subfield>
    <subfield code="c">22 &#x57D;&#x574;</subfield>
  </datafield>
  <datafield tag="490" ind1=" " ind2=" ">
    <subfield code="a">&#x551;&#x565;&#x572;&#x561;&#x57D;&#x57A;&#x561;&#x576;&#x578;&#x582;&#x569;&#x575;&#x578;&#x582;&#x576;. &#x57E;&#x56F;&#x561;&#x575;&#x578;&#x582;&#x569;&#x575;&#x578;&#x582;&#x576;&#x576;&#x565;&#x580;, &#x576;&#x578;&#x569;&#x565;&#x580;, &#x570;&#x578;&#x582;&#x577;&#x561;&#x563;&#x580;&#x578;&#x582;&#x569;&#x575;&#x578;&#x582;&#x576;</subfield>
  </datafield>
  <datafield tag="700" ind1=" " ind2=" ">
    <subfield code="a">&#x531;&#x57E;&#x561;&#x563;&#x575;&#x561;&#x576; &#x531;&#x580;&#x57D;&#x565;&#x576; </subfield>
    <subfield code="4"> trl.</subfield>
    <subfield code="e">  &#x569;&#x561;&#x580;&#x563;&#x574;.</subfield>
  </datafield>
  <datafield tag="700" ind1=" " ind2=" ">
    <subfield code="a">&#x534;&#x561;&#x576;&#x565;&#x572;&#x575;&#x561;&#x576; &#x537;.</subfield>
    <subfield code="4"> edt. </subfield>
    <subfield code="e"> &#x56D;&#x574;&#x562;.</subfield>
  </datafield>
  <datafield tag="830" ind1=" " ind2=" ">
    <subfield code="a">&#x551;&#x565;&#x572;&#x561;&#x57D;&#x57A;&#x561;&#x576;&#x578;&#x582;&#x569;&#x575;&#x578;&#x582;&#x576;. &#x57E;&#x56F;&#x561;&#x575;&#x578;&#x582;&#x569;&#x575;&#x578;&#x582;&#x576;&#x576;&#x565;&#x580;, &#x576;&#x578;&#x569;&#x565;&#x580;, &#x570;&#x578;&#x582;&#x577;&#x561;&#x563;&#x580;&#x578;&#x582;&#x569;&#x575;&#x578;&#x582;&#x576;</subfield>
  </datafield>
  <datafield tag="942" ind1=" " ind2=" ">
    <subfield code="2">udc</subfield>
    <subfield code="c">BK</subfield>
  </datafield>
  <datafield tag="952" ind1=" " ind2=" ">
    <subfield code="0">0</subfield>
    <subfield code="1">0</subfield>
    <subfield code="2">udc</subfield>
    <subfield code="4">0</subfield>
    <subfield code="7">0</subfield>
    <subfield code="8">&#x533;&#x580;&#x561;&#x57A;&#x561;&#x570;&#x578;&#x581;</subfield>
    <subfield code="a">SEM</subfield>
    <subfield code="b">SEM</subfield>
    <subfield code="d">2014-11-16</subfield>
    <subfield code="i">14880</subfield>
    <subfield code="l">0</subfield>
    <subfield code="o">947.925.523/&#x540;-53</subfield>
    <subfield code="p">14880</subfield>
    <subfield code="r">2014-11-16</subfield>
    <subfield code="w">2014-11-16</subfield>
    <subfield code="y">BK</subfield>
    <subfield code="z">&#x54D;&#x57A;&#x561;&#x57D;&#x561;&#x580;&#x56F;&#x57E;&#x578;&#x582;&#x574; &#x567; 30 &#x585;&#x580;</subfield>
  </datafield>
  <datafield tag="952" ind1=" " ind2=" ">
    <subfield code="0">0</subfield>
    <subfield code="1">0</subfield>
    <subfield code="2">udc</subfield>
    <subfield code="4">0</subfield>
    <subfield code="7">0</subfield>
    <subfield code="8">&#x538;&#x576;&#x569;&#x565;&#x580;&#x581;&#x561;&#x57D;&#x580;&#x561;&#x570;</subfield>
    <subfield code="a">SEM</subfield>
    <subfield code="b">SEM</subfield>
    <subfield code="d">2014-11-16</subfield>
    <subfield code="i">14881</subfield>
    <subfield code="l">0</subfield>
    <subfield code="o">947.925.523/&#x540;-53</subfield>
    <subfield code="p">14881</subfield>
    <subfield code="r">2014-11-16</subfield>
    <subfield code="w">2014-11-16</subfield>
    <subfield code="y">BK</subfield>
    <subfield code="z">&#x54D;&#x57A;&#x561;&#x57D;&#x561;&#x580;&#x56F;&#x57E;&#x578;&#x582;&#x574; &#x567; &#x568;&#x576;&#x569;&#x565;&#x580;&#x581;&#x561;&#x57D;&#x580;&#x561;&#x570;</subfield>
  </datafield>
  <datafield tag="952" ind1=" " ind2=" ">
    <subfield code="0">0</subfield>
    <subfield code="1">0</subfield>
    <subfield code="2">udc</subfield>
    <subfield code="4">0</subfield>
    <subfield code="7">0</subfield>
    <subfield code="8">&#x533;&#x580;&#x561;&#x57A;&#x561;&#x570;&#x578;&#x581;</subfield>
    <subfield code="a">SEM</subfield>
    <subfield code="b">SEM</subfield>
    <subfield code="d">2021-12-13</subfield>
    <subfield code="g">500.00</subfield>
    <subfield code="i">33310</subfield>
    <subfield code="l">0</subfield>
    <subfield code="o">947.925.523/&#x540;-53</subfield>
    <subfield code="p">33310</subfield>
    <subfield code="r">2021-12-13</subfield>
    <subfield code="w">2021-12-13</subfield>
    <subfield code="y">BK</subfield>
    <subfield code="z">&#x54D;&#x57A;&#x561;&#x57D;&#x561;&#x580;&#x56F;&#x57E;&#x578;&#x582;&#x574; &#x567; 30 &#x585;&#x580;</subfield>
  </datafield>
</record>
